Statistics for managers using Microsoft Excel [+CD] (Record no. 32298)
[ view plain ]
| 000 -LEADER | |
|---|---|
| fixed length control field | 00650nam a2200229Ia 4500 |
| 001 - CONTROL NUMBER | |
| control field | 32663 |
| 008 - FIXED-LENGTH DATA ELEMENTS--GENERAL INFORMATION | |
| fixed length control field | 140417s9999 xx 000 0 und d |
| 020 ## - INTERNATIONAL STANDARD BOOK NUMBER | |
| International Standard Book Number | 8131703843 |
| 040 ## - CATALOGING SOURCE | |
| Transcribing agency | PK-LaUMT |
| 082 ## - DEWEY DECIMAL CLASSIFICATION NUMBER | |
| Classification number | 519.502855369 |
| Item number | STA- |
| 100 ## - MAIN ENTRY--PERSONAL NAME | |
| Personal name | Berenson, Mark L. |
| 245 ## - TITLE STATEMENT | |
| Title | Statistics for managers using Microsoft Excel [+CD] |
| Statement of responsibility, etc | Berenson, Mark L.<>Krehbiel, Timothy C.<>Levine, David M.<>Stephan, David |
| 250 ## - EDITION STATEMENT | |
| Edition statement | 4th |
| 260 ## - PUBLICATION, DISTRIBUTION, ETC. (IMPRINT) | |
| Place of publication, distribution, etc | New Delhi,India: |
| Name of publisher, distributor, etc | Pearson, |
| Date of publication, distribution, etc | 2006 |
| 300 ## - PHYSICAL DESCRIPTION | |
| Extent | 886 p. |
| 546 ## - LANGUAGE NOTE | |
| Language note | EN |
| 650 ## - SUBJECT ADDED ENTRY--TOPICAL TERM | |
| Topical term or geographic name as entry element | Statistics |
| 700 ## - ADDED ENTRY--PERSONAL NAME | |
| Personal name | Krehbiel, Timothy C. |
| 700 ## - ADDED ENTRY--PERSONAL NAME | |
| Personal name | Levine, David M. |
| 700 ## - ADDED ENTRY--PERSONAL NAME | |
| Personal name | Stephan, David |
| 942 ## - ADDED ENTRY ELEMENTS (KOHA) | |
| Koha item type | Books |
| Withdrawn status | Lost status | Source of classification or shelving scheme | Damaged status | Not for loan | Home library | Current library | Date acquired | Total Checkouts | Full call number | Barcode | Date last seen | Date checked out | Price effective from | Koha item type |
|---|---|---|---|---|---|---|---|---|---|---|---|---|---|---|
| Dewey Decimal Classification | UMT Main Campus | UMT Main Campus | 2014-04-17 | 1 | 519.502855369 STA- | 39820 | 2019-07-30 | 2019-07-25 | 2014-05-03 | Books | ||||
| Dewey Decimal Classification | UMT Main Campus | UMT Main Campus | 2014-06-24 | 1 | 519.502855369 STA- | 39821 | 2016-12-26 | 2016-11-28 | 2014-06-24 | Books |
